Tvorba marketingových stratégií podporujúcich posun k racionálnej a udržateľnej spotrebe
Úloha marketingového riadenia pri šírení myšlienky o racionálnej spotrebe. Od segmentácie k fragmentácii a vzniku nových (zelených) trhov. Postoje európskych spotrebiteľov k otázkam udržateľnej spotreby.
Salvato in:
| Autore principale: | |
|---|---|
| Altri autori: | |
| Natura: | Capitolo di libro |
| Lingua: | slovacco |
| Soggetti: | |
| Tags: |
Nessun Tag, puoi essere il primo ad aggiungerne!!
|
MARC
| LEADER | 00000naa a2200000 4500 | ||
|---|---|---|---|
| 001 | 0173589 | ||
| 005 | 20220722104302.7 | ||
| 041 | 0 | |a slo | |
| 044 | |a SK | ||
| 245 | 1 | 0 | |a Tvorba marketingových stratégií podporujúcich posun k racionálnej a udržateľnej spotrebe |c Gabriela Pajtinková - Bartáková, Katarína Gubíniová |
| 520 | |a Úloha marketingového riadenia pri šírení myšlienky o racionálnej spotrebe. Od segmentácie k fragmentácii a vzniku nových (zelených) trhov. Postoje európskych spotrebiteľov k otázkam udržateľnej spotreby. | ||
| 610 | 2 | 0 | |a marketing |
| 610 | 2 | 0 | |a stratégia marketingová |
| 610 | 2 | 0 | |a rozvoj trvalo udržateľný |
| 610 | 2 | 0 | |a správanie spotrebiteľa |
| 610 | 2 | 0 | |a spotreba |
| 100 | 1 | |a Pajtinková - Bartáková, Gabriela | |
| 700 | 1 | |a Gubíniová, Katarína | |